<?xml version="1.0" encoding="UTF-8"?>
<marc:record xmlns:marc="http://www.loc.gov/MARC21/slim">
   <marc:leader>00000nam a2200000 a 4500</marc:leader>
   <marc:datafield ind1="1" ind2=" " tag="100">
      <marc:subfield code="a">Hope, Oliver</marc:subfield>
      <marc:subfield code="4">aut</marc:subfield>
      <marc:subfield code="e">Verfasser/-in</marc:subfield>
   </marc:datafield>
   <marc:datafield ind1=" " ind2=" " tag="653">
      <marc:subfield code="a">Drogensucht</marc:subfield>
   </marc:datafield>
   <marc:datafield ind1=" " ind2=" " tag="653">
      <marc:subfield code="a">Softcover / Ratgeber/Lebenshilfe</marc:subfield>
   </marc:datafield>
   <marc:datafield ind1=" " ind2=" " tag="653">
      <marc:subfield code="a">Alltag/Praktische Anleitungen</marc:subfield>
   </marc:datafield>
   <marc:datafield ind1="0" ind2="0" tag="245">
      <marc:subfield code="a">Zwischen Kampf und Resignation</marc:subfield>
   </marc:datafield>
   <marc:datafield ind1="0" ind2="0" tag="245">
      <marc:subfield code="b">Die wahre Geschichte vom Kampf eines Vaters gegen die Drogensucht seines Sohnes.</marc:subfield>
   </marc:datafield>
   <marc:datafield ind1="0" ind2="0" tag="245">
      <marc:subfield code="c">Oliver Hope</marc:subfield>
   </marc:datafield>
   <marc:datafield ind1=" " ind2="1" tag="264">
      <marc:subfield code="a">Cheyenne</marc:subfield>
      <marc:subfield code="b">Windsor Verlag</marc:subfield>
      <marc:subfield code="c">2013</marc:subfield>
   </marc:datafield>
   <marc:datafield ind1="1" ind2=" " tag="520">
      <marc:subfield code="a">Angaben aus der Verlagsmeldung

Zwischen Kampf und Resignation : Die wahre Geschichte vom Kampf eines Vaters gegen die Drogensucht seines Sohnes. / von Oliver Hope

Ich entschuldige mich vorab für meine maßlose Arroganz, die mich noch vor zehn Jahren glauben ließ, Drogen seien nur ein Problem von kaputten, asozialen Familien. Heute weiß ich, dass dies nicht so ist. Die Namen der handelnden Personen in meinem Buch sind geändert. Die Geschichte selbst ist wahr. Und sie ist so oder noch viel schlimmer schon hunderttausende Male passiert. Ich schreibe nicht aus dem Blickwinkel derer, die Drogen konsumieren, sondern über die Gefühle, die Hoffnungen, die Kämpfe und die dunklen Momente der Resignation aus Sicht eines Vaters, dessen Sohn der Sucht verfallen war. Wenn meine Zeilen es schaffen, betroffenen Eltern, Geschwistern und Freunden Kraft zu geben, würde ich mich sehr freuen. Sollte die Lektüre - aus der Erkenntnis, dass Drogen nicht nur den Konsumenten, sondern oft alle Angehörigen seiner Familie zerstören - den einen oder anderen jungen Menschen davon abhalten, Drogen in sein Leben zu lassen, wäre ich darüber sehr glücklich.
</marc:subfield>
   </marc:datafield>
   <marc:datafield ind1=" " ind2=" " tag="020">
      <marc:subfield code="a">9781627840446</marc:subfield>
      <marc:subfield code="9">9781627840446</marc:subfield>
   </marc:datafield>
   <marc:datafield ind1=" " ind2=" " tag="041">
      <marc:subfield code="a">ger</marc:subfield>
   </marc:datafield>
   <marc:datafield ind1=" " ind2=" " tag="300">
      <marc:subfield code="a">276 S.</marc:subfield>
   </marc:datafield>
</marc:record>
